Представление документа в формате RUSMARC

ПолеНазваниеЗначение
  Тип записи a
  Библиографический уровень a
001 Контрольный номер RU/CBS_UL/BASE/a16597e8f3254de1a50b7c9d00089479
005 Дата корректировки 20231211133956.7
100 Данные общей обработки __
a Данные общей обработки 20231211 ||| 0rusy0189 ca
101 Язык документа 0_
a Язык текста rus
102 Страна публикации __
a Страна публикации RU
200 Заглавие и сведения об ответственности 1_
a Заглавие Положить конец ангинам!
e Сведения, относящиеся к заглавию [о причинах хронического тонзиллита]
300 Общие примечания __
a Общие примечания Содерж. : Удалять или нет?
300 Общие примечания __
a Общие примечания 16+
461 Уровень набора _0
1 2000
a Дарья
463 Уровень физической единицы _0
1 2000
a № 24
v С. 9 : фот.
1 2101
d 2023
1 001RU/CBS_UL/BASE/e9db7925937f425b8eb579ec1b23283b
606 Тематические рубрики 0_
a Основная рубрика Ангина - Лечение
610 Ключевые слова 0_
a Ключевые слова ангины
610 Ключевые слова 0_
a Ключевые слова тонзиллиты
610 Ключевые слова 0_
a Ключевые слова хронические тонзиллиты
610 Ключевые слова 0_
a Ключевые слова рецидивы ангины
610 Ключевые слова 0_
a Ключевые слова профилактика тонзиллита
686 Индексы других классификаций __
2 Код системы rubbk
a Классификационный индекс 54.825.4
801 Источник записи _0
a Страна RU
b Организация МБУК ЦБС г. Ульяновска
c Дата составления 20231211
g Правила каталогизации RCR
801 Источник записи _1
a Страна RU
b Организация МБУК ЦБС г. Ульяновска
c Дата составления 20231211
g Правила каталогизации RCR
901 Тип документа __
t Тип документа b
w Контрольный № источника RU/CBS_UL/BASE/e9db7925937f425b8eb579ec1b23283b